000 01332nam a2200337 a 4500
001 000114612
003 CHAP
005 20220329144449.0
008 180309s2017 mx a fsm |||||||spa d
010 _a111073
011 _a112045
040 _cCHAP
090 _aTesis
100 1 _aLópez Villagómez, María del Rocío
_9134807
245 1 0 _aIdentificación del ácaro de la canelilla o bronceado del jitomate (Licopersicon esculentum) en Celaya Guanajuato y los Mochis, Sinaloa /
_h[En línea]
_cpor María del Rocío López Villagómez.
260 _aChapingo, Méx. :
_bEl autor,
_c2017.
500 _aPara ver el contenido del material haga clic en la liga
502 _aTesis (Ing. Agr. Esp. en Parasitología Agrícola) -- UACH. Departamento de Parasitología Agrícola
590 _aBATCH-UPD
_b05
_c20180309
_lUCH01
_h1359
590 _aE8697GMM
_b05
_c20180309
_lUCH01
_h1005
590 _aE8697GMM
_b05
_c20180309
_lUCH01
_h1006
590 _aE8697GMM
_b05
_c20180309
_lUCH01
_h1359
590 _aE8697GMM
_b05
_c20180309
_lUCH01
_h1359
650 1 4 _aÁcaros
_xIdentificación.
_982380
650 1 4 _aAculops lycopersici.
_9797
650 1 4 _aTomáte
_xEnfermedades por ácaros.
_9134810
856 _aFinding aid
_uhttp://10.13.5.2/tesis/sist114612.pdf
_zTeclea aquí
901 _aBK
942 _cTESIS
942 _n0
999 _c111073
_d111073